Loading...
| Literature - World Literature | 5 | 2 | 0 | 0 | 95 | 43 | 69.14 | 4 | 6 |
| Literature - European Literature | 2 | 5 | 1 | 0 | 75 | 55 | 88.00 | 3 | 7 |
| Religion | 2 | 2 | 1 | 0 | 45 | 20 | 70.50 | 3 | 4 |
| History - European History | 1 | 3 | 1 | 1 | 40 | 61 | 87.75 | 0 | 3 |
| Philosophy | 0 | 4 | 1 | 0 | 35 | 81 | 90.50 | 1 | 4 |
| Social Science | 2 | 0 | 1 | 0 | 25 | 48 | 62.00 | 2 | 2 |
| History - World History | 0 | 3 | 1 | 1 | 25 | 97 | 110.67 | 0 | 2 |
| Fine Arts - Visual Fine Arts | 0 | 2 | 0 | 0 | 20 | 69 | 81.00 | 1 | 2 |
| Fine Arts - Other Fine Arts | 0 | 2 | 0 | 0 | 20 | 120 | 120.50 | 0 | 1 |
| Literature - American Literature | 0 | 2 | 1 | 0 | 15 | 107 | 112.50 | 1 | 2 |
| Literature - British Literature | 0 | 2 | 2 | 0 | 10 | 87 | 97.00 | 0 | 2 |
| Pop Culture | 0 | 1 | 0 | 0 | 10 | 116 | 116.00 | 0 | 0 |
| Science - Other Science | 0 | 1 | 0 | 0 | 10 | 78 | 78.00 | 1 | 1 |
| Mythology | 0 | 1 | 1 | 0 | 5 | 103 | 103.00 | 0 | 1 |
| History - American History | 0 | 1 | 2 | 0 | 0 | 83 | 83.00 | 1 | 1 |
| Science - Biology | 0 | 0 | 1 | 0 | -5 | 0.00 | 0 | 0 | |
| Fine Arts - Auditory Fine Arts | 0 | 0 | 1 | 0 | -5 | 0.00 | 0 | 0 |